Смазочно-охлаждающие жидкости (СОЖ) и технологические смазки (ТС): каталог

Dades bibliogràfiques
Autor corporatiu: Научно-исследовательский институт технико-экономических исследований
Altres autors: Копылов Ю. С. (составитель), Водопьянова В. А., Бахтин В. Е.
Sumari:Исключено из фонда НТБ ТПУ
Idioma:rus
Publicat: Москва, НИИТЭХИМ, 1977
Format: MixedMaterials Llibre
KOHA link:https://koha.lib.tpu.ru/cgi-bin/koha/opac-detail.pl?biblionumber=121578

MARC

LEADER 00000nam0a2200000 4500
001 121578
005 20231031125438.0
035 |a (RuTPU)RU\TPU\book\131665 
090 |a 121578 
100 |a 20070917d1977 k y0rusy50 ca 
101 0 |a rus 
102 |a RU 
105 |a a b 000zy 
200 1 |a Смазочно-охлаждающие жидкости (СОЖ) и технологические смазки (ТС)  |e каталог  |f Научно-исследовательский институт технико-экономических исследований; сост. Ю. С. Копылов, В. А. Водопьянова, В. Е. Бахтин и [др.] 
210 |a Москва  |c НИИТЭХИМ  |d 1977 
215 |a 18 с.  |c ил. 
333 |a Исключено из фонда НТБ ТПУ 
702 1 |a Копылов  |b Ю. С.  |4 220 
702 1 |a Водопьянова  |b В. А.  |4 220 
702 1 |a Бахтин  |b В. Е.  |4 220 
712 0 2 |a Научно-исследовательский институт технико-экономических исследований 
801 1 |a RU  |b 63413507  |c 20070917  |g PSBO 
801 2 |a RU  |b 63413507  |c 20220617  |g RCR 
942 |c BK